000 00441nam a2200193 i 4500
001 bg
245 0 _aPompy przemysłowe.
_nT.1.
250 _aWyd.4 popr. i uzup.
260 _aWarszawa :
_bWEMA,
_c1988.
490 1 _aKatalog SWW 0871
650 9 _aPompy
655 _aKatalogi
830 _aKatalog SWW 0871
040 _cBPK
041 _apol
080 _a621.65/.69
942 _cKA
008 s pl f |000 0 pol
999 _c10069
_d10069
856 _uhttp://koha.tu.koszalin.pl/cgi-bin/koha/opac-detail.pl?biblionumber=10069
_yKatalog online BPK